Knowing India : (Record no. 79442)
[ view plain ]
| 000 -LEADER | |
|---|---|
| fixed length control field | 00805nam a22002417a 4500 |
| 005 - DATE AND TIME OF LATEST TRANSACTION | |
| control field | 20230301114640.0 |
| 010 ## - LCCN (DPL NO) | |
| LC control number | B-519476-480 ENG-122081 ENG-136075 |
| 020 ## - INTERNATIONAL STANDARD BOOK NUMBER | |
| International Standard Book Number | 9789380403038 |
| Terms of availability | 595.00 |
| 020 ## - INTERNATIONAL STANDARD BOOK NUMBER | |
| International Standard Book Number | 9380403038 |
| Terms of availability | 595.00 |
| 035 ## - SYSTEM CONTROL NUMBER | |
| System control number | B-519476-480 |
| 035 ## - SYSTEM CONTROL NUMBER | |
| System control number | EN-105613 |
| 035 ## - SYSTEM CONTROL NUMBER | |
| System control number | EN-119607 |
| 037 ## - SOURCE OF ACQUISITION | |
| Stock number | dpl |
| Source of stock number/acquisition | BSB/Ven. |
| 037 ## - SOURCE OF ACQUISITION | |
| Stock number | DBAD/PUB |
| 082 ## - DEWEY DECIMAL CLASSIFICATION NUMBER | |
| Classification number | 954 |
| 245 ## - TITLE STATEMENT | |
| Title | Knowing India : |
| Remainder of title | colonial and modern constructions of the past |
| Statement of responsibility, etc | edited by Cynthia Talbot |
| 260 ## - PUBLICATION, DISTRIBUTION, ETC. (IMPRINT) | |
| Place of publication, distribution, etc | New Delhi |
| Name of publisher, distributor, etc | Yoda Press |
| Date of publication, distribution, etc | 2011 |
| 270 ## - ADDRESS | |
| Address | 268 A/C, Vasant Kunj |
| City | New Delhi |
| Postal code | 110070 |
| 300 ## - PHYSICAL DESCRIPTION | |
| Extent | xii,409p. : |
| Dimensions | 20cm(pbk) |
| Other physical details | ill. |
| 700 ## - ADDED ENTRY--PERSONAL NAME | |
| Personal name | Talbot, Cynthia |
| 942 ## - ADDED ENTRY ELEMENTS (KOHA) | |
| Source of classification or shelving scheme | Dewey Decimal Classification |
| Item type | English Books |
| Call number suffix | KNO |
| Classification part | 954 |
| Withdrawn status | Lost status | Not for loan | Collection code | Home library | Current library | Date acquired | Source of acquisition | Cost, normal purchase price | Full call number | Barcode | Copy number | Cost, replacement price | Koha item type |
|---|---|---|---|---|---|---|---|---|---|---|---|---|---|
| Not For Loan | Non-fiction | D.B.Act.Division | Bawana | 22/01/2018 | DBAD/PUB | 595.00 | 954 KNO | EN-105613 | 1 | 595.00 | English Books | ||
| Non-fiction | Central Library | Central Library | 02/01/2014 | BSB/893/14.03.2013/169/08.03.2013/28.03.2013 | 595.00 | 954 KNO | B-519476 | 1 | 595.00 | English Books | |||
| Non-fiction | Janak Puri | Janak Puri | 02/01/2014 | BSB/893/14.03.2013/169/08.03.2013/28.03.2013 | 595.00 | 954 KNO | B-519478 | 1 | 595.00 | English Books | |||
| Non-fiction | Kadipur | Kadipur | 30/01/2023 | DBAD/PUB | 595.00 | 954 KNO | EN-119607 | 1 | 595.00 | English Books | |||
| Non-fiction | Karol Bagh | Karol Bagh | 02/01/2014 | BSB/893/14.03.2013/169/08.03.2013/28.03.2013 | 595.00 | 954 KNO | B-519479 | 1 | 595.00 | English Books | |||
| Non-fiction | Narela | Narela | 02/01/2014 | BSB/893/14.03.2013/169/08.03.2013/28.03.2013 | 595.00 | 954 KNO | B-519480 | 1 | 595.00 | English Books | |||
| Non-fiction | Patel Nagar | Patel Nagar | 02/01/2014 | BSB/893/14.03.2013/169/08.03.2013/28.03.2013 | 595.00 | 954 KNO | B-519477 | 1 | 595.00 | English Books |
